[Event "GER-ch Seniors 50 34th"]
[Site "Magdeburg"]
[Date "2022.08.14"]
[Round "3"]
[White "Krause, Ullrich"]
[Black "Lindam, Ingo"]
[Result "1/2-1/2"]
[WhiteElo "2190"]
[BlackElo "2130"]
[PlyCount "30"]
[EventDate "2022.08.12"]
[EventType "swiss"]
[EventRounds "9"]
[EventCountry "GER"]
[SourceTitle "CBM 209 Extra"]
[Source "ChessBase"]
[SourceDate "2022.09.30"]
[SourceVersion "1"]
[SourceVersionDate "2022.09.30"]
[SourceQuality "1"]

1. Nf3 Nf6 2. c4 g6 3. g3 Bg7 4. d4 0-0 5. Bg2 d6 6. 0-0 Nbd7 7. Nc3 e5 8. e4 c6 9. h3 Qb6 10. Rb1 exd4 11. Nxd4 Re8 12. Be3 Qb4 13. Re1 Qxc4 14. Bf1 Qb4 15. Nb3 d5 1/2-1/2

[Event "Oberliga Nord N 2122"]
[Site "Germany"]
[Date "2022.05.01"]
[Round "9.4"]
[White "Krause, Ullrich"]
[Black "Mach, Holger"]
[Result "1/2-1/2"]
[WhiteElo "2208"]
[BlackElo "2200"]
[PlyCount "56"]
[EventDate "2021.10.31"]
[EventType "team-tourn"]
[EventRounds "9"]
[EventCountry "GER"]
[SourceTitle "EXT 2023"]
[Source "ChessBase"]
[SourceDate "2022.10.05"]
[SourceVersion "1"]
[SourceVersionDate "2022.10.05"]
[SourceQuality "1"]
[WhiteTeam "Luebeck"]
[BlackTeam "Hamburg Diogenes"]
[WhiteTeamCountry "GER"]
[BlackTeamCountry "GER"]

1. Nf3 g6 2. c4 Bg7 3. d4 Nf6 4. g3 0-0 5. Bg2 d6 6. 0-0 Nbd7 7. Nc3 e5 8. e4 c6 9. Rb1 a5 10. h3 exd4 11. Nxd4 Nc5 12. Be3 Re8 13. Qc2 Qe7 14. Rbe1 Bd7 15. f3 Ne6 16. Nde2 Nc7 17. f4 d5 18. Bb6 Na6 19. cxd5 Nb4 20. Qd2 cxd5 21. a3 dxe4 22. axb4 Qxb4 23. Be3 Rad8 24. Rd1 Bxh3 25. Qxd8 Bxg2 26. Kxg2 Rxd8 27. Rxd8+ Bf8 28. Bd4 Qe7 1/2-1/2

[Event "GER-ch Net blitz qual2"]
[Site "Playchess.com INT"]
[Date "2020.03.16"]
[Round "3"]
[White "Koch, Yannick"]
[Black "Krause, Ullrich"]
[Result "1-0"]
[WhiteElo "2080"]
[BlackElo "2208"]
[PlyCount "113"]
[EventDate "2020.03.16"]
[EventType "swiss (blitz)"]
[EventRounds "9"]
[EventCountry "GER"]
[SourceTitle "CBM 195 Extra"]
[Source "ChessBase"]
[SourceDate "2020.05.31"]
[SourceVersion "1"]
[SourceVersionDate "2020.05.31"]
[SourceQuality "1"]

1. d4 Nf6 2. c4 e6 3. Nc3 Bb4 4. Qc2 d5 5. cxd5 exd5 6. Bg5 0-0 7. Nf3 c6 8. e3 Re8 9. Bd3 h6 10. Bh4 Nbd7 11. 0-0 Nf8 12. Ne5 Be7 13. f4 N6d7 14. Bxe7 Qxe7 15. Rae1 f6 16. Ng6 Nxg6 17. Bxg6 Rd8 18. e4 Qb4 19. exd5 Qxd4+ 20. Kh1 Nf8 21. Rd1 Qb6 22. Be4 Bg4 23. Rd2 Rac8 24. h3 Bh5 25. Bf5 Rb8 26. d6 Bf7 27. Rfd1 Qe3 28. Qe4 Qxe4 29. Nxe4 b6 30. b4 Be6 31. g4 Bxf5 32. gxf5 Rd7 33. Kg2 Ra8 34. Rc1 a5 35. Rxc6 axb4 36. Rxb6 Rda7 37. Rxb4 Rxa2 38. Rbd4 Rxd2+ 39. Rxd2 Nd7 40. Kf3 Kf7 41. Rd3 Ra4 42. Rc3 Ra8 43. Rc7 Rd8 44. Nc5 Ke8 45. Ne6 Rb8 46. Nxg7+ Kd8 47. Ne6+ Ke8 48. Kg4 Rb3 49. h4 Rd3 50. Rc8+ Kf7 51. Rc6 Rd5 52. Nc7 Rd3 53. Ne6 Rd5 54. Ra6 Ke8 55. Kh5 Rxf5+ 56. Kg6 Rd5 57. Ra8+ 1-0

[Event "GER-ch Net blitz qual2"]
[Site "Playchess.com INT"]
[Date "2020.03.16"]
[Round "5"]
[White "Krause, Ullrich"]
[Black "Zettl, Thomas"]
[Result "1-0"]
[WhiteElo "2208"]
[BlackElo "1974"]
[PlyCount "45"]
[EventDate "2020.03.16"]
[EventType "swiss (blitz)"]
[EventRounds "9"]
[EventCountry "GER"]
[SourceTitle "CBM 195 Extra"]
[Source "ChessBase"]
[SourceDate "2020.05.31"]
[SourceVersion "1"]
[SourceVersionDate "2020.05.31"]
[SourceQuality "1"]

1. Nf3 g6 2. c4 Bg7 3. d4 d6 4. g3 Nc6 5. d5 Nb8 6. Bg2 e5 7. 0-0 h6 8. Nc3 Nf6 9. e4 0-0 10. Ne1 Nh7 11. Nd3 f5 12. f4 exf4 13. Nxf4 Na6 14. Nxg6 Rf6 15. Nf4 Nc5 16. Be3 Ng5 17. e5 Rf7 18. e6 Rf6 19. Bd4 a6 20. Nh5 Rg6 21. Nxg7 Rxg7 22. Bxg7 Kxg7 23. Rxf5 1-0

[Event "Oberliga Nord N 1617"]
[Site "Germany"]
[Date "2017.04.23"]
[Round "8.6"]
[White "Maass, Joerg"]
[Black "Krause, Ullrich"]
[Result "1/2-1/2"]
[WhiteElo "2150"]
[BlackElo "2210"]
[PlyCount "134"]
[EventDate "2016.10.16"]
[EventType "team-tourn"]
[EventRounds "9"]
[EventCountry "GER"]
[SourceTitle "EXT 2018"]
[Source "ChessBase"]
[SourceDate "2017.10.13"]
[SourceVersion "1"]
[SourceVersionDate "2017.10.13"]
[SourceQuality "1"]
[WhiteTeam "Neumuenster Agon"]
[BlackTeam "Luebeck"]
[WhiteTeamCountry "GER"]
[BlackTeamCountry "GER"]

1. d4 d5 2. c4 e6 3. cxd5 exd5 4. Nc3 c6 5. Qc2 Nf6 6. Bg5 Be7 7. e3 0-0 8. Bd3 Nbd7 9. Nf3 Re8 10. 0-0 Nf8 11. Ne5 Ng4 12. Bxe7 Qxe7 13. Nxg4 Bxg4 14. Rae1 Qd6 15. h3 Bh5 16. f4 f6 17. Qf2 Rad8 18. g4 Bf7 19. Kh1 c5 20. Nb5 Qb6 21. dxc5 Qxc5 22. Nd4 Qb6 23. g5 fxg5 24. fxg5 Bg6 25. Bf5 Bxf5 26. Nxf5 Qe6 27. Rc1 Rd7 28. Qf3 Rf7 29. Rc5 Kh8 30. Qxd5 Qxd5+ 31. Rxd5 g6 32. Ng3 Kg7 33. Rxf7+ Kxf7 34. e4 Rc8 35. Rd2 Ke7 36. Kg2 Ne6 37. h4 h6 38. Nf5+ gxf5 39. exf5 Nf8 40. Kg3 h5 41. Re2+ Kf7 42. Rd2 Rc4 43. Rd6 Rg4+ 44. Kh3 Rf4 45. Rf6+ Kg7 46. Kg3 Rg4+ 47. Kh3 Rd4 48. Rh6 Rd3+ 49. Kg2 Rd2+ 50. Kf3 Rxb2 51. Rxh5 Rxa2 52. Rh6 Rb2 53. Rd6 Rb3+ 54. Kg4 Rb4+ 55. Kg3 Rb3+ 56. Kf4 Rb4+ 57. Kg3 Rb3+ 58. Kg4 Rb4+ 59. Kh5 Rf4 60. Rd5 Nh7 61. Rd7+ Kg8 62. Rxb7 a5 63. g6 Rxf5+ 64. Kg4 Rf6 65. gxh7+ Kh8 66. Ra7 a4 67. Kg5 Rb6 1/2-1/2

[Event "Schleswig Holstein-ch Meisterklasse"]
[Site "Ratzeburg"]
[Date "2017.04.13"]
[Round "4.4"]
[White "Krause, Ullrich"]
[Black "Budzyn, Matthias"]
[Result "1/2-1/2"]
[WhiteElo "2207"]
[BlackElo "2122"]
[PlyCount "67"]
[EventDate "2017.04.13"]
[EventType "tourn"]
[EventRounds "9"]
[EventCountry "GER"]
[SourceTitle "EXT 2022"]
[Source "ChessBase"]
[SourceDate "2021.10.06"]
[SourceVersion "1"]
[SourceVersionDate "2021.10.06"]
[SourceQuality "1"]

1. Nf3 Nf6 2. c4 g6 3. Nc3 d5 4. cxd5 Nxd5 5. Qa4+ Nc6 6. Nxd5 Qxd5 7. e4 Qc5 8. Bb5 Bd7 9. d4 Qb4+ 10. Qxb4 Nxb4 11. Bxd7+ Kxd7 12. Ke2 Bg7 13. Rd1 f5 14. exf5 gxf5 15. d5 b6 16. Bf4 Bxb2 17. Rab1 Nxa2 18. Rxb2 Nc3+ 19. Ke1 Nxd1 20. Kxd1 c5 21. Ne5+ Ke8 22. Nc6 Kd7 23. Re2 Rhe8 24. Re6 Kc8 25. Kc2 Kb7 26. Kb3 a5 27. Ka4 c4 28. Ne5 Rad8 29. Nxc4 b5+ 30. Kxa5 bxc4 31. Rb6+ Ka8 32. Ra6+ Kb7 33. Rb6+ Ka8 34. Ra6+ 1/2-1/2

[Event "Schleswig Holstein-ch Meisterklasse"]
[Site "Ratzeburg"]
[Date "2017.04.13"]
[Round "9.5"]
[White "Schwarz, Frank"]
[Black "Krause, Ullrich"]
[Result "0-1"]
[WhiteElo "2213"]
[BlackElo "2207"]
[PlyCount "104"]
[EventDate "2017.04.13"]
[EventType "tourn"]
[EventRounds "9"]
[EventCountry "GER"]
[SourceTitle "EXT 2022"]
[Source "ChessBase"]
[SourceDate "2021.10.06"]
[SourceVersion "1"]
[SourceVersionDate "2021.10.06"]
[SourceQuality "1"]

1. d4 c5 2. c3 cxd4 3. cxd4 d5 4. Nc3 Nf6 5. Nf3 Nc6 6. Bf4 Ne4 7. e3 Nxc3 8. bxc3 g6 9. h3 Bg7 10. Bd3 0-0 11. 0-0 b6 12. c4 dxc4 13. Bxc4 Bb7 14. Qe2 Na5 15. Ba6 Bxa6 16. Qxa6 Qc8 17. Qb5 Qc6 18. Qb4 Qb7 19. Rab1 Nc6 20. Qb5 e6 21. a4 Rfd8 22. Rfc1 Rac8 23. Qe2 Na5 24. Ne5 f6 25. Nf3 Rxc1+ 26. Rxc1 Rc8 27. Rd1 Qd7 28. Qa6 Qb7 29. Qd3 Qd7 30. Ra1 Rc4 31. Qd1 Qc6 32. Bb8 Qb7 33. Bg3 Kf7 34. Kh2 Rc8 35. Qd3 Qd7 36. Qd1 Bf8 37. Nd2 Bd6 38. Bxd6 Qxd6+ 39. g3 Qc6 40. Ra2 h5 41. Qe2 Qd5 42. Rb2 Rc1 43. f3 h4 44. Qa6 hxg3+ 45. Kg2 Nc6 46. Qb7+ Ne7 47. Qb8 Qc6 48. Qxa7 Qc3 49. Qxb6 Rg1+ 50. Kxg1 Qxe3+ 51. Kh1 Qe1+ 52. Nf1 Qxf1# 0-1

[Event "Schleswig Holstein-ch Meisterklasse"]
[Site "Ratzeburg"]
[Date "2017.04.13"]
[Round "3.2"]
[White "Svane, Frederik"]
[Black "Krause, Ullrich"]
[Result "1-0"]
[WhiteElo "2155"]
[BlackElo "2207"]
[PlyCount "81"]
[EventDate "2017.04.13"]
[EventType "tourn"]
[EventRounds "9"]
[EventCountry "GER"]
[SourceTitle "EXT 2022"]
[Source "ChessBase"]
[SourceDate "2021.10.06"]
[SourceVersion "1"]
[SourceVersionDate "2021.10.06"]
[SourceQuality "1"]

1. c4 f5 2. Nc3 Nf6 3. d4 e6 4. Nf3 Bb4 5. Bg5 Bxc3+ 6. bxc3 h6 7. Bf4 d6 8. h3 Qe7 9. e3 Nbd7 10. g4 g5 11. Bh2 b6 12. Bd3 Bb7 13. gxf5 exf5 14. Bxf5 0-0 15. Rg1 Ne4 16. Bxe4 Qxe4 17. Nd2 Qf5 18. Bg3 Nf6 19. h4 g4 20. Qb3 Kh7 21. 0-0-0 Ne4 22. Nxe4 Bxe4 23. Rd2 a5 24. a4 Rae8 25. Bf4 h5 26. Qb5 Qf7 27. Qg5 Qg6 28. Qxg6+ Kxg6 29. Kb2 Bc6 30. Ka3 Rxf4 31. exf4 Bf3 32. c5 d5 33. cxb6 cxb6 34. Rb1 Rc8 35. Rxb6+ Kf5 36. Kb2 Rc4 37. Rh6 Kxf4 38. Rd3 Be4 39. Rf6+ Bf5 40. Re3 g3 41. Rxg3 1-0

[Event "Oberliga Nord N 1617"]
[Site "Germany"]
[Date "2017.03.19"]
[Round "7.8"]
[White "Krause, Ullrich"]
[Black "Dietz, Juergen"]
[Result "1/2-1/2"]
[WhiteElo "2210"]
[BlackElo "2147"]
[PlyCount "47"]
[EventDate "2016.10.16"]
[EventType "team-tourn"]
[EventRounds "9"]
[EventCountry "GER"]
[SourceTitle "EXT 2018"]
[Source "ChessBase"]
[SourceDate "2017.10.13"]
[SourceVersion "1"]
[SourceVersionDate "2017.10.13"]
[SourceQuality "1"]
[WhiteTeam "Luebeck"]
[BlackTeam "Hamburg Schachfreunde"]
[WhiteTeamCountry "GER"]
[BlackTeamCountry "GER"]

1. Nf3 f5 2. g3 Nf6 3. Bg2 g6 4. b4 Bg7 5. Bb2 Na6 6. b5 Nc5 7. c4 a6 8. a4 axb5 9. axb5 Rxa1 10. Bxa1 c6 11. bxc6 bxc6 12. 0-0 0-0 13. Nc3 Qa5 14. Qc2 Ba6 15. d3 Rb8 16. Rb1 Rxb1+ 17. Qxb1 Ne8 18. Na2 Bxa1 19. Qxa1 Qb6 20. Qe5 Ne6 21. Qc3 Nf6 22. Qb4 Qxb4 23. Nxb4 Bc8 24. Ne5 1/2-1/2

[Event "Oberliga Nord N 1617"]
[Site "Germany"]
[Date "2017.01.15"]
[Round "4.8"]
[White "Rittemann, Steffen"]
[Black "Krause, Ullrich"]
[Result "1/2-1/2"]
[WhiteElo "2149"]
[BlackElo "2210"]
[PlyCount "52"]
[EventDate "2016.10.16"]
[EventType "team-tourn"]
[EventRounds "9"]
[EventCountry "GER"]
[SourceTitle "EXT 2018"]
[Source "ChessBase"]
[SourceDate "2017.10.13"]
[SourceVersion "1"]
[SourceVersionDate "2017.10.13"]
[SourceQuality "1"]
[WhiteTeam "Schwerin"]
[BlackTeam "Luebeck"]
[WhiteTeamCountry "GER"]
[BlackTeamCountry "GER"]

1. e4 d5 2. exd5 Qxd5 3. Nc3 Qd8 4. d4 Nf6 5. Bc4 Bg4 6. f3 Bh5 7. Nge2 e6 8. 0-0 c6 9. Nf4 Bg6 10. Re1 Be7 11. Bxe6 fxe6 12. Nxe6 Qd7 13. Qe2 Kf7 14. Bg5 Bf5 15. Nxg7 Kxg7 16. Qxe7+ Qxe7 17. Rxe7+ Kg6 18. Bxf6 Kxf6 19. Rae1 h5 20. Rxb7 Rd8 21. Ne4+ Bxe4 22. Rxe4 Rd7 23. Rb3 Na6 24. Rbe3 Nc7 25. Kf2 Rb8 26. Rb3 a5 1/2-1/2

[Event "Oberliga Nord N 1617"]
[Site "Germany"]
[Date "2016.10.16"]
[Round "1.6"]
[White "Engel, Gunnar"]
[Black "Krause, Ullrich"]
[Result "1/2-1/2"]
[WhiteElo "2068"]
[BlackElo "2210"]
[PlyCount "44"]
[EventDate "2016.10.16"]
[EventType "team-tourn"]
[EventRounds "9"]
[EventCountry "GER"]
[SourceTitle "EXT 2018"]
[Source "ChessBase"]
[SourceDate "2017.10.13"]
[SourceVersion "1"]
[SourceVersionDate "2017.10.13"]
[SourceQuality "1"]
[WhiteTeam "Rostock"]
[BlackTeam "Luebeck"]
[WhiteTeamCountry "GER"]
[BlackTeamCountry "GER"]

1. d4 d5 2. c4 e6 3. Nf3 Nf6 4. g3 Be7 5. Bg2 0-0 6. 0-0 dxc4 7. Qc2 a6 8. a4 Bd7 9. Nbd2 Bc6 10. Nxc4 Be4 11. Qb3 Nc6 12. Bg5 Qd5 13. Be3 Nb4 14. Ne1 Bxg2 15. Nxg2 b5 16. Nd2 Qxb3 17. Nxb3 bxa4 18. Rxa4 Rfb8 19. Na5 Rb5 20. Rc1 Nbd5 21. Rc2 c5 22. dxc5 Nxe3 1/2-1/2

[Event "Schleswig Holstein-ch Seniors"]
[Site "Hanerau"]
[Date "2015.03.29"]
[Round "2"]
[White "Krause, Ullrich"]
[Black "Bendfeldt, Tim"]
[Result "1/2-1/2"]
[WhiteElo "2249"]
[BlackElo "2028"]
[PlyCount "38"]
[EventDate "2015.03.28"]
[EventType "swiss"]
[EventRounds "9"]
[EventCountry "GER"]
[SourceTitle "EXT 2018"]
[Source "ChessBase"]
[SourceDate "2017.10.13"]
[SourceVersion "1"]
[SourceVersionDate "2017.10.13"]
[SourceQuality "1"]

1. Nf3 d5 2. g3 c6 3. Bg2 Bg4 4. 0-0 Nd7 5. d3 e6 6. b3 Be7 7. Bb2 Bf6 8. Qc1 Bxb2 9. Qxb2 Qf6 10. Qxf6 Ngxf6 11. h3 Bxf3 12. Bxf3 a5 13. a3 Ke7 14. Nd2 Rhc8 15. c4 b5 16. Rfc1 Ne8 17. e3 Nd6 18. Be2 Rab8 19. c5 Ne8 1/2-1/2

[Event "BL2-Nord 1415"]
[Site "Germany"]
[Date "2014.12.07"]
[Round "4.7"]
[White "Engel, Luis"]
[Black "Krause, Ullrich"]
[Result "1-0"]
[WhiteElo "2080"]
[BlackElo "2287"]
[PlyCount "67"]
[EventDate "2014.09.21"]
[EventType "team-tourn"]
[EventRounds "9"]
[EventCountry "GER"]
[SourceTitle "CBM 166 Extra"]
[Source "ChessBase"]
[SourceDate "2015.06.18"]
[SourceVersion "1"]
[SourceVersionDate "2015.06.18"]
[SourceQuality "1"]
[WhiteTeam "Hamburger SK II"]
[BlackTeam "Luebeck"]
[WhiteTeamCountry "GER"]
[BlackTeamCountry "GER"]

1. e4 e6 2. d4 d5 3. Nd2 Nf6 4. e5 Nfd7 5. Bd3 c5 6. c3 Nc6 7. Ne2 a5 8. f4 cxd4 9. cxd4 f5 10. Nf3 Be7 11. 0-0 0-0 12. Kh1 Nb6 13. Nc3 Bd7 14. Rg1 Be8 15. h3 Qd7 16. g4 Bg6 17. Be3 a4 18. Bb5 a3 19. b3 Bb4 20. Rc1 Qe7 21. Nb1 fxg4 22. hxg4 Be4 23. Kh2 Na7 24. Bd3 Rac8 25. Ng5 Rxc1 26. Bxc1 Bxd3 27. Qxd3 g6 28. Rg3 Rc8 29. Be3 Rc7 30. f5 exf5 31. gxf5 Qe8 32. f6 Kh8 33. Bf4 Rc6 34. Rh3 1-0

[Event "GER-ch 85th"]
[Site "Verden an der Aller"]
[Date "2014.11.28"]
[Round "8"]
[White "Steffens, Olaf"]
[Black "Krause, Ullrich"]
[Result "0-1"]
[WhiteElo "2279"]
[BlackElo "2276"]
[PlyCount "60"]
[EventDate "2014.11.21"]
[EventType "swiss"]
[EventRounds "9"]
[EventCountry "GER"]
[SourceTitle "CBM 163 Extra"]
[Source "ChessBase"]
[SourceDate "2014.12.23"]
[SourceVersion "1"]
[SourceVersionDate "2014.12.23"]
[SourceQuality "1"]

1. b4 e5 2. a3 d5 3. Bb2 Bd6 4. c4 c6 5. Nf3 Nd7 6. e3 Qe7 7. cxd5 cxd5 8. Nc3 Ngf6 9. Nb5 Bb8 10. Qc2 0-0 11. Rc1 a6 12. Nc7 Bxc7 13. Qxc7 Ne8 14. Qc2 f6 15. Nh4 Nb6 16. f4 Bd7 17. Nf5 Bxf5 18. Qxf5 Nd6 19. Qh5 Nbc4 20. Ba1 Rac8 21. fxe5 fxe5 22. Bd3 g6 23. Bxg6 hxg6 24. Qxg6+ Qg7 25. Qe6+ Qf7 26. Qg4+ Qg7 27. Qe6+ Kh7 28. Qxd5 Nxe3 29. Qd3+ e4 30. Rxc8 Qxa1+ 0-1

[Event "GER-ch 85th"]
[Site "Verden an der Aller"]
[Date "2014.11.27"]
[Round "7"]
[White "Krause, Ullrich"]
[Black "Schulz, Michael"]
[Result "0-1"]
[WhiteElo "2276"]
[BlackElo "2233"]
[PlyCount "90"]
[EventDate "2014.11.21"]
[EventType "swiss"]
[EventRounds "9"]
[EventCountry "GER"]
[SourceTitle "CBM 163 Extra"]
[Source "ChessBase"]
[SourceDate "2014.12.23"]
[SourceVersion "1"]
[SourceVersionDate "2014.12.23"]
[SourceQuality "1"]

1. Nf3 Nf6 2. g3 b5 3. Bg2 Bb7 4. 0-0 c5 5. d3 d5 6. Nbd2 e6 7. e4 Be7 8. exd5 exd5 9. Nh4 Qd7 10. Re1 Nc6 11. Nb3 0-0-0 12. a4 b4 13. Bg5 Rhe8 14. Bxf6 gxf6 15. Qh5 Kb8 16. c4 Ne5 17. Qe2 dxc4 18. dxc4 Bxg2 19. Kxg2 Qc6+ 20. Qe4 Qxe4+ 21. Rxe4 Rd3 22. Na5 Rd2 23. Nf3 Rxb2 24. Nxe5 fxe5 25. Rxe5 Kc7 26. Re3 Kb6 27. Nb3 Rd8 28. a5+ Ka6 29. Rxe7 Rxb3 30. Rxf7 Rd6 31. Rc7 Ra3 32. Re1 Kxa5 33. Rxa7+ Kb6 34. Rxh7 b3 35. Ree7 Ka5 36. Ra7+ Ra6 37. Rab7 Rb6 38. Rxb6 Kxb6 39. Rh8 Ra7 40. Rb8+ Rb7 41. Re8 Ka5 42. Re1 Kb4 43. h4 Kxc4 44. h5 b2 45. Rb1 Kb3 0-1

[Event "GER-ch 85th"]
[Site "Verden an der Aller"]
[Date "2014.11.23"]
[Round "3"]
[White "Krause, Ullrich"]
[Black "Poetsch, Hagen"]
[Result "0-1"]
[WhiteElo "2276"]
[BlackElo "2498"]
[PlyCount "74"]
[EventDate "2014.11.21"]
[EventType "swiss"]
[EventRounds "9"]
[EventCountry "GER"]
[SourceTitle "CBM 163 Extra"]
[Source "ChessBase"]
[SourceDate "2014.12.23"]
[SourceVersion "1"]
[SourceVersionDate "2014.12.23"]
[SourceQuality "1"]

1. Nf3 Nf6 2. c4 e6 3. g3 a6 4. Bg2 b5 5. b3 Bb7 6. 0-0 c5 7. Bb2 Be7 8. e3 0-0 9. Qe2 d5 10. Rd1 Qb6 11. d4 dxc4 12. dxc5 Qxc5 13. bxc4 b4 14. a3 a5 15. axb4 axb4 16. Rxa8 Bxa8 17. Nbd2 Rd8 18. Ra1 Bb7 19. Nb3 Qc8 20. Ra7 Nbd7 21. Ne5 Bxg2 22. Kxg2 Nxe5 23. Bxe5 Rd7 24. Rxd7 Nxd7 25. Bd4 Qc6+ 26. f3 e5 27. Bb2 e4 28. f4 Qa4 29. Nd4 Qa2 30. Kh3 h5 31. Nf5 Bf6 32. Qd1 Bxb2 33. Qxd7 Qxc4 34. Qe8+ Kh7 35. Nd4 Bxd4 36. Qxe4+ g6 37. exd4 Qe6+ 0-1

[Event "BL2-Nord 1415"]
[Site "Germany"]
[Date "2014.11.09"]
[Round "3.7"]
[White "Meyer, Falko"]
[Black "Krause, Ullrich"]
[Result "0-1"]
[WhiteElo "2241"]
[BlackElo "2287"]
[PlyCount "88"]
[EventDate "2014.09.21"]
[EventType "team-tourn"]
[EventRounds "9"]
[EventCountry "GER"]
[SourceTitle "CBM 166 Extra"]
[Source "ChessBase"]
[SourceDate "2015.06.18"]
[SourceVersion "1"]
[SourceVersionDate "2015.06.18"]
[SourceQuality "1"]
[WhiteTeam "Norderstedt"]
[BlackTeam "Luebeck"]
[WhiteTeamCountry "GER"]
[BlackTeamCountry "GER"]

1. e4 e6 2. d3 c5 3. g3 Nc6 4. Bg2 g6 5. c3 Bg7 6. Be3 d6 7. Qd2 e5 8. Ne2 Nge7 9. Bh6 0-0 10. Na3 Be6 11. h4 f6 12. Bxg7 Kxg7 13. h5 g5 14. Bh3 Qd7 15. Bxe6 Qxe6 16. Nb5 Rac8 17. c4 h6 18. Nbc3 Nd4 19. 0-0-0 a6 20. Kb1 b5 21. cxb5 axb5 22. Nxd4 exd4 23. Nxb5 Nc6 24. Qc2 Ra8 25. Qc4 Qd7 26. a4 Ne5 27. Qc2 g4 28. b3 Rfb8 29. Kb2 Rxb5 30. axb5 Qxb5 31. Ra1 Nxd3+ 32. Kb1 Rb8 33. Rd1 Qxb3+ 34. Qxb3 Rxb3+ 35. Kc2 Rc3+ 36. Kd2 Kf7 37. Ke2 c4 38. Rd2 Ke6 39. Ra7 Nc1+ 40. Kf1 Nb3 41. Rd1 d3 42. Rc7 Nc5 43. Rg7 Rb3 44. Rxg4 c3 0-1

[Event "BL2-Nord 1415"]
[Site "Germany"]
[Date "2014.10.19"]
[Round "2.4"]
[White "Bredemeier, Dirk"]
[Black "Krause, Ullrich"]
[Result "1/2-1/2"]
[WhiteElo "2251"]
[BlackElo "2287"]
[PlyCount "81"]
[EventDate "2014.09.21"]
[EventType "team-tourn"]
[EventRounds "9"]
[EventCountry "GER"]
[SourceTitle "CBM 166 Extra"]
[Source "ChessBase"]
[SourceDate "2015.06.18"]
[SourceVersion "1"]
[SourceVersionDate "2015.06.18"]
[SourceQuality "1"]
[WhiteTeam "Oldenburg Union"]
[BlackTeam "Luebeck"]
[WhiteTeamCountry "GER"]
[BlackTeamCountry "GER"]

1. d4 e6 2. c4 Bb4+ 3. Bd2 Bxd2+ 4. Qxd2 Nf6 5. Nc3 d5 6. e3 0-0 7. Nf3 c6 8. Rc1 Qe7 9. Bd3 Nbd7 10. 0-0 dxc4 11. Bxc4 e5 12. Qc2 exd4 13. exd4 Nb6 14. Bb3 Qd6 15. h3 Nbd5 16. Nxd5 Nxd5 17. Rfe1 h6 18. Nd2 Nf4 19. Qe4 Be6 20. Bc2 g6 21. Bb3 Rad8 22. Bxe6 Nxe6 23. Nb3 Qd5 24. Qe3 Kg7 25. Qc3 Nf4 26. Qg3 Qg5 27. Qxg5 hxg5 28. Re7 Rfe8 29. Rxe8 Rxe8 30. Kf1 Nd3 31. Rb1 b6 32. Nd2 Rd8 33. Nf3 f6 34. g3 Nb4 35. a3 Nd5 36. Rc1 Rd6 37. Re1 Kf7 38. Ke2 Re6+ 39. Kd3 Rxe1 40. Nxe1 Ke6 41. Nc2 1/2-1/2

[Event "BL2-Nord 1415"]
[Site "Germany"]
[Date "2014.09.21"]
[Round "1.7"]
[White "Schulz, Karsten"]
[Black "Krause, Ullrich"]
[Result "1-0"]
[WhiteElo "2292"]
[BlackElo "2287"]
[PlyCount "81"]
[EventDate "2014.09.21"]
[EventType "team-tourn"]
[EventRounds "9"]
[EventCountry "GER"]
[SourceTitle "CBM 166 Extra"]
[Source "ChessBase"]
[SourceDate "2015.06.18"]
[SourceVersion "1"]
[SourceVersionDate "2015.06.18"]
[SourceQuality "1"]
[WhiteTeam "Schwerin"]
[BlackTeam "Luebeck"]
[WhiteTeamCountry "GER"]
[BlackTeamCountry "GER"]

1. Nf3 Nf6 2. g3 b5 3. Bg2 Bb7 4. d3 e6 5. e4 d5 6. Nbd2 c5 7. 0-0 Be7 8. Qe2 Nc6 9. Re1 0-0 10. e5 Nd7 11. Nf1 a5 12. Bf4 b4 13. h4 c4 14. dxc4 Ba6 15. Ne3 Nb6 16. Nd2 Rc8 17. Qg4 d4 18. Bh6 g6 19. Nef1 Nxc4 20. Nxc4 Bxc4 21. Bxf8 Bxf8 22. Nd2 Bd5 23. Bxd5 Qxd5 24. Qe4 Qc5 25. Nb3 Qb6 26. Rad1 Rd8 27. Nd2 Qc5 28. Kg2 Bg7 29. f4 h5 30. Nf3 a4 31. Re2 a3 32. b3 Rd5 33. Rd3 Bf8 34. Red2 Ne7 35. Nxd4 Rxd4 36. Rxd4 Nf5 37. R4d3 Kg7 38. Qf3 Qb6 39. Kh3 Bc5 40. Rd7 Nh6 41. Qb7 1-0

[Event "Schleswig Holstein-ch Seniors"]
[Site "Leck"]
[Date "2014.04.14"]
[Round "3"]
[White "Krause, Ullrich"]
[Black "Reinecker, Kai"]
[Result "1/2-1/2"]
[WhiteElo "2298"]
[BlackElo "2261"]
[PlyCount "67"]
[EventDate "2014.04.12"]
[EventType "swiss"]
[EventRounds "9"]
[EventCountry "GER"]
[SourceTitle "EXT 2018"]
[Source "ChessBase"]
[SourceDate "2017.10.13"]
[SourceVersion "1"]
[SourceVersionDate "2017.10.13"]
[SourceQuality "1"]

1. Nf3 Nf6 2. c4 e6 3. g3 d5 4. d4 dxc4 5. Bg2 a6 6. Ne5 c5 7. Na3 Nbd7 8. 0-0 cxd4 9. Naxc4 Bc5 10. b4 Nxe5 11. Nxe5 Bb6 12. Bb2 0-0 13. Qb3 Nd7 14. Nc4 e5 15. Rac1 Bc7 16. a4 Rb8 17. a5 Nf6 18. e3 dxe3 19. Qxe3 Re8 20. Bxe5 Bxe5 21. Nxe5 Qd6 22. f4 Qxb4 23. Rb1 Qxa5 24. Qa7 Bf5 25. Nc6 Qc7 26. Nxb8 Bxb1 27. Nxa6 Qc4 28. Rxb1 bxa6 29. Bf1 Qc2 30. Rb8 Qe4 31. Rxe8+ Qxe8 32. Bc4 Ng4 33. Bf1 h5 34. h3 1/2-1/2

[Event "BL2-Nord 1314"]
[Site "Germany"]
[Date "2014.02.23"]
[Round "7.3"]
[White "Glienke, Manfred"]
[Black "Krause, Ullrich"]
[Result "1-0"]
[WhiteElo "2281"]
[BlackElo "2308"]
[PlyCount "117"]
[EventDate "2013.10.13"]
[EventType "team-tourn"]
[EventRounds "9"]
[EventCountry "GER"]
[SourceTitle "EXT 2015"]
[Source "ChessBase"]
[SourceDate "2014.11.20"]
[SourceVersion "1"]
[SourceVersionDate "2014.11.20"]
[SourceQuality "1"]
[WhiteTeam "Kreuzberg"]
[BlackTeam "Luebeck"]
[WhiteTeamCountry "GER"]
[BlackTeamCountry "GER"]

1. c4 e6 2. Nf3 d5 3. g3 Nf6 4. Bg2 Be7 5. 0-0 0-0 6. d3 c5 7. Nc3 d4 8. Ne4 Nxe4 9. dxe4 Nc6 10. Ne1 e5 11. Nd3 Be6 12. b3 a6 13. a4 Bd6 14. Ba3 Qe7 15. f4 f6 16. Rc1 Rfc8 17. f5 Bf7 18. Qd2 b6 19. g4 Nd8 20. Rf3 Be8 21. Rg3 Nf7 22. h4 h6 23. Qc2 Bc6 24. Bf3 Qb7 25. Nf2 b5 26. Kh2 Rab8 27. Rcg1 bxa4 28. bxa4 Qb3 29. Qxb3 Rxb3 30. Bc1 Kf8 31. g5 hxg5 32. hxg5 Ke7 33. Rh3 Rbb8 34. g6 Ng5 35. Bxg5 fxg5 36. Rh7 Rg8 37. Rxg5 Rbf8 38. Rg1 Kd8 39. Rb1 Kc7 40. Ng4 Rh8 41. Kg2 Rxh7 42. gxh7 Rh8 43. Rh1 Kd7 44. f6 gxf6 45. Nxf6+ Ke6 46. Nd5 Kf7 47. Rh6 Bxd5 48. exd5 Bf8 49. Rh1 Bg7 50. Be4 Rb8 51. Rf1+ Ke7 52. Bg6 Bf6 53. d6+ Ke6 54. d7 Bh8 55. Be8 e4 56. Rf8 Be5 57. h8Q Bxh8 58. Rxh8 Ke7 59. Rh5 1-0